000 00227nam a22001097a 4500
003 OSt
008 250106b |||||||| |||| 00| 0 eng d
041 _aeng
100 _aMathew and Joseph
_96783
245 _aZoology
942 _cBK
999 _c18937
_d18937